BANKER AND THE BALANCE SHEET (Record no. 126873)

MARC details
000 -LEADER
fixed length control field 00314pam a2200133 a 4500
020 ## - INTERNATIONAL STANDARD BOOK NUMBER
Terms of availability
041 ## - LANGUAGE CODE
Language code of original
082 ## - DEWEY DECIMAL CLASSIFICATION NUMBER
Classification number 658.155
Item number VAS
100 ## - MAIN ENTRY--PERSONAL NAME
Personal name VASWANI T.A.,
245 ## - TITLE STATEMENT
Title BANKER AND THE BALANCE SHEET
Medium Textual Documents
260 ## - PUBLICATION, DISTRIBUTION, ETC.
Place of publication, distribution, etc. BOMBAY
Name of publisher, distributor, etc. LALVANI PUBLISHING HOUSE
Date of publication, distribution, etc. 1967
300 ## - PHYSICAL DESCRIPTION
Extent XVI+247
930 ## - EQUIVALENCE OR CROSS-REFERENCE-UNIFORM TITLE HEADING [LOCAL, CANADA]
Uniform title 7410
Holdings
Withdrawn status Lost status Damaged status Not for loan Collection Home library Current library Date acquired Total Checkouts Full call number Barcode Date last seen Copy number Price effective from Koha item type
          Institute of Management & Entrepreneurship Development, Pune Institute of Management & Entrepreneurship Development, Pune 18/04/2011   658.155 VAS IMP-IM-5576 01/03/2023 1 01/03/2023 Book